00320nam a2200109Ia 4500008004100000245007200041260004900113260000900162300001000171500001300181650001600194170224s9999 xx 000 0 und d aFailure at the top: How power undermines collaborative performance. bJournal of Personality and Social Psychology c2016 a110:2 aFebruary xPsychology.